Propuesta de circuitos turísticos con mejoramiento de la imagen urbana para la ciudad de Tipitapa y sus alrededores
Presenta una propuesta de circuitos turísticos en la ciudad de Tipitapa y sus alrededores, que incluyen el mejoramiento de su imagen urbana, para rescatar y aprovechar el potencial natural, histórico o cultural.
| Main Authors: | , , |
|---|---|
| Other Authors: | |
| Format: | Tesis Section = Libro |
| Language: | Undetermined Spanish |
| Published: |
Managua
UNI
2012
|
| Subjects: |
| LEADER | 01059nam a2200265Ia 4500 | ||
|---|---|---|---|
| 008 | 240830s9999 xx 000 0 und d | ||
| 040 | |a BIBLIOTECA-RUSB/ Mon 711 F634 | ||
| 041 | |a spa | ||
| 082 | |a Mon 711 F634 | ||
| 100 | 1 | |a Flores Pavón, Ana Carolina | |
| 100 | 1 | |b Mora Molina, Violeta Auxiliadora | |
| 100 | 1 | |c Sequeira Espinoza, Xochilt Esther | |
| 245 | 1 | 0 | |a Propuesta de circuitos turísticos con mejoramiento de la imagen urbana para la ciudad de Tipitapa y sus alrededores |
| 260 | |a Managua |b UNI |c 2012 | ||
| 300 | |a 170 p. :il. | ||
| 502 | |a Tesis (Arquitecto) - UNI, 2012. | ||
| 520 | 3 | |a Presenta una propuesta de circuitos turísticos en la ciudad de Tipitapa y sus alrededores, que incluyen el mejoramiento de su imagen urbana, para rescatar y aprovechar el potencial natural, histórico o cultural. | |
| 650 | 7 | |a URBANISMO | |
| 650 | 7 | |b MEJORAMIENTO URBANO | |
| 650 | 7 | |c EMBELLECIMIENTO URBANO | |
| 650 | 7 | |d PROMOCION DEL TURISMO | |
| 700 | 1 | |a Tutor: |b Traña Padilla, Karen Astrid | |
| 942 | |c BK |2 ddc | ||
| 991 | |a TESIS | ||
| 999 | |c 20829 | ||